Statistics for Countries within countries

Click here to take the quiz!

General Stats

  • This quiz has been taken 37 times
  • The average score is 6 of 9

Answer Stats

ContinentAnswer% Correct
AmericasDOMINICAn republic
74%
AfricaNIGERia
74%
Africaequatorial GUINEA
70%
AfricaGUINEA-bissau
70%
Oceaniapapua new GUINEA
70%
Africasouth SUDAN
70%
Africademocratic REPUBLIC OF THE CONGO
67%
AfricasoMALIa
44%
EuroperOMANia
22%

Score Distribution

Percentile by Number Answered

Percent of People with Each Score

Your Score History

You have not taken this quiz